| 000 | 00532nam a2200157Ia 4500 | ||
|---|---|---|---|
| 008 | 210716s2018 xx 000 0 und d | ||
| 020 | _a9789332902923 | ||
| 041 | _aeng | ||
| 082 | _a332.604 CHAP | ||
| 100 | _aChandra, Prasanna. | ||
| 245 |
_aCorporate valuation: a guide for analysts managers and investors. _bGuide for analysts managers and investors. |
||
| 250 | _a1 | ||
| 260 |
_aChennai _bTata McGraw Hill Education Private Limited _c2018 |
||
| 300 | _aviii,12.21,I.3 | ||
| 650 | _aInvestment Analysis & Portfolio Management | ||
| 999 |
_c211014 _d211014 |
||